Statistics for Name the Disney Princes

Click here to take the quiz!

General Stats

  • This quiz has been taken 16 times
  • The average score is 7 of 11

Answer Stats

Answer% Correct
JasmineAladdin
100%
CinderellaPrince Charming
100%
BellePrince Adam
94%
PocahontasJohn Smith
81%
ArielPrince Eric
81%
RapunzelPrince Horace
75%
TianaPrince Naveen
56%
AuroraPrince Phillip
56%
MulanCaptain Li Shang
38%
FalineBambi
31%
Snow WhitePrince Florian
31%

Score Distribution

Percentile by Number Answered

Percent of People with Each Score

Your Score History

You have not taken this quiz